000 00690nam a2200217 i 4500
001 145943
003 ES-MaACL
005 20251009181747.0
007 t|
008 071018s1968 sp ||||1| spa d
100 1 _aVega, Lope de,
_d1562-1635
_9113563
245 1 0 _aObras sueltas /
_cLope de Vega ; [editor, Antonio Pérez Gómez].
260 _aCieza :
_bPérez Gómez,
_c1968.
300 _a2 v. :
_bil. ;
_c25 cm.
490 1 _aEl ayre de la almena ;
_v19 , 26
505 8 _aContiene: T. I y III
700 0 _aPérez y Gómez, Antonio,
_d1902-1976
_991216
830 0 _aEl ayre de la almena ;
_v19 , 26
_9183709
852 _aES-MaACL
_jP-1306
_bR.65627
999 _c145943
_d145943